000 00310nam a2200145Ia 4500
650 _aElectromagnetics
942 _cBK
366 _f17.5
245 _aProblems and solutions of Engineering electromagnetics
260 _bCBS
_c1998
082 _a530.14
300 _a543
546 _aENGLISH
999 _c21786
_d21786